Least feminist countries - Statistics

General Stats
  • This quiz has been taken 48 times
  • The average score is 11 of 19
Answers on the Map
Answers color-coded by a green-red scale on the quiz's map according to % correct below.
 
Answer Stats
Answer % Correct
Afghanistan
81%
Iraq
81%
Niger
79%
Sudan
77%
Yemen
74%
Pakistan
72%
Nigeria
68%
Chad
66%
Somalia
66%
Mali
64%
Syria
62%
Congo
60%
Mauritania
55%
Benin
43%
Guinea
34%
Ivory Coast
34%
Guinea-Bissau
30%
Haiti
13%
Papa New Guinea
9%
No matching quizzes found
Score Distribution
Percent of People with Each Score
Percentile by Number Answered
Your Score History
You have not taken this quiz